| 000 | 01164cad a22002655a 4500 | ||
|---|---|---|---|
| 001 | L153887 | ||
| 008 | 110916s2011 xxk f 000 0 eng d | ||
| 020 | _a9781842197080 | ||
| 035 | _a(Sirsi) u153887 | ||
| 041 | 0 | _aeng | |
| 050 | 0 | 4 | _a692.8 $2 20 |
| 110 | 2 |
_aRoyal Institution of Chartered Surveyors _94900 |
|
| 245 | 0 | 0 |
_aDamages for delay to completion _h[old edition] |
| 260 |
_aCoventry _bRICS _c2011 |
||
| 490 | 0 |
_aRICS Guidance Note _vGN 88/2011 |
|
| 490 | 0 | _aRICS Black Book | |
| 520 | _aThis guidance note introduces the subject of damages for delay to completion by looking at the general principles including areas such as law; reasons for introduction within a contract; amounts of damages, and how sums are deducted, certified or released. | ||
| 521 | _asuperseded by 2nd edition ISBN 9781783215256 published April 2024 | ||
| 650 | 2 | 4 | _aRICS QS AND CONSTRUCTION STANDARDS |
| 650 | 2 | 4 | _aRICS BLACK BOOK |
| 651 | 4 | _aUnited Kingdom | |
| 690 | _aBUILT ENVIRONMENT-CONSTRUCTION MANAGEMENT | ||
| 856 | 4 | 0 |
_uhttps://www.rics.org/uk/products/knowledge-and-information-services/ _zarchived item please email [email protected] |
| 942 |
_n0 _2ddc |
||
| 999 |
_c112748 _d112748 |
||